THE ART AND SCIENCE OF OPERATIVE DENTISTRY (Record no. 2741)

MARC details
000 -LEADER
fixed length control field 00391nam a2200145Ia 4500
008 - FIXED-LENGTH DATA ELEMENTS--GENERAL INFORMATION
fixed length control field 150201s2001 xx 000 0 und d
082 ## - DEWEY DECIMAL CLASSIFICATION NUMBER
Classification number 617.6
Item number O2001S
100 ## - MAIN ENTRY--PERSONAL NAME
Personal name CLIFFORD M.STURDEVANT
245 ## - TITLE STATEMENT
Title THE ART AND SCIENCE OF OPERATIVE DENTISTRY
250 ## - EDITION STATEMENT
Edition statement 2ND
260 ## - PUBLICATION, DISTRIBUTION, ETC. (IMPRINT)
Name of publisher, distributor, etc. AITBS
Place of publication, distribution, etc. DELHI
Date of publication, distribution, etc. 2001
300 ## - PHYSICAL DESCRIPTION
Extent 1-588
650 ## - SUBJECT ADDED ENTRY--TOPICAL TERM
Topical term or geographic name as entry element CONSERVATIVE DENTISTRY & ENDODONTICS
942 ## - ADDED ENTRY ELEMENTS (KOHA)
Source of classification or shelving scheme Dewey Decimal Classification
Koha item type Books
Koha issues (borrowed), all copies 24
Holdings
Withdrawn status Lost status Source of classification or shelving scheme Damaged status Not for loan Home library Current library Date acquired Source of acquisition Cost, normal purchase price Serial Enumeration / chronology SGTU Bill Number Total Checkouts Full call number Barcode Date last seen Date last checked out Bill Date Koha item type Total Renewals
    Dewey Decimal Classification     SGT Dental Library SGT Dental Library 13/07/2003 U.B.S.DELHI 450.00 1 SGTU 279 11 617.6 O2001S FD1171 13/03/2023 13/03/2023 14/02/2012 Books  
    Dewey Decimal Classification     SGT Dental Library SGT Dental Library 13/07/2003 U.B.S.DELHI 450.00 1 SGTU 279 11 617.6 O2001S FD1172 13/03/2023 13/03/2023 14/02/2012 Books  
    Dewey Decimal Classification     SGT Dental Library SGT Dental Library 13/07/2003 U.B.S.DELHI 450.00 1 SGTU 279 3 617.6 O2001S FD1173 05/12/2025 05/12/2025 14/02/2012 Books  
    Dewey Decimal Classification     SGT Dental Library SGT Dental Library 13/07/2003 U.B.S.DELHI 450.00 1 SGTU 279 23 617.6 O2001S FD1174 21/01/2026 21/01/2026 14/02/2012 Books  
    Dewey Decimal Classification     SGT Dental Library SGT Dental Library 13/07/2003 U.B.S.DELHI 450.00 1 SGTU 279 27 617.6 O2001S FD1175 11/05/2026 11/05/2026 14/02/2012 Books  
    Dewey Decimal Classification     SGT Dental Library SGT Dental Library 13/07/2003 U.B.S.DELHI 450.00 1 SGTU 279 47 617.6 O2001S FD1176 21/01/2026 20/01/2026 14/02/2012 Books 1
    Dewey Decimal Classification     SGT Dental Library SGT Dental Library 13/07/2003 U.B.S.DELHI 450.00 1 SGTU 279 15 617.6 O2001S FD1177 27/11/2021 24/11/2021 14/02/2012 Books